Nejnovější vývoj v třírozměrném navrhování a výrobě složitých tvarů.
Súčasný vývoj software pre CAD/CAM v podobe DUCT-systému na obrábanie a presnú výrobu formy alebo lisovnice. Zdokonalenie grafického užívateľského prostredia. Modelovanie, zaoblovanie a tvorba povrchu. Odstraňovanie skrytých čiar. Zníženie programových nákladov. Podpora pre programátora.
Na minha lista:
| Formato: | Capítulo de Livro |
|---|---|
| Idioma: | tcheco |
| Assuntos: | |
| Tags: |
Sem tags, seja o primeiro a adicionar uma tag!
|
MARC
| LEADER | 00000naa a2200000 4500 | ||
|---|---|---|---|
| 001 | r011853 | ||
| 005 | 20220831090419.2 | ||
| 041 | 0 | |a cze | |
| 044 | |a [CS] | ||
| 245 | 1 | 0 | |a Nejnovější vývoj v třírozměrném navrhování a výrobě složitých tvarů. |
| 520 | |a Súčasný vývoj software pre CAD/CAM v podobe DUCT-systému na obrábanie a presnú výrobu formy alebo lisovnice. Zdokonalenie grafického užívateľského prostredia. Modelovanie, zaoblovanie a tvorba povrchu. Odstraňovanie skrytých čiar. Zníženie programových nákladov. Podpora pre programátora. | ||
| 610 | 2 | 0 | |a CAD |
| 610 | 2 | 0 | |a CAM |
| 610 | 2 | 0 | |a DUCT |
| 610 | 2 | 0 | |a softvér |
| 610 | 2 | 0 | |a znižovanie nákladov |
| 610 | 2 | 0 | |a zabezpečenie programové |
| 610 | 2 | 0 | |a grafika počítačová |
| 610 | 2 | 0 | |a používatelia |
| 610 | 2 | 0 | |a riadenie výroby |